000 00399nam a2200169Ia 4500
008 230524s9999 xx 000 0 und d
020 _a9780008146849
082 _bBAG
100 _aTilly Bagshawe
245 0 _aSidney Sheldon's Reckless
250 _a1
260 _aLondon
_bHarper Collins
_c2015
300 _a407p;
500 _aQuantity Number: 2
650 _aMisalliance
942 _cBK
999 _c56188
_d56188